[Event "National Elementary Championship"]
[Site "Columbus, Ohio, United States"]
[Date "2022.05.14"]
[Round "3.1"]
[White "Wang, Isaac"]
[Black "Rao, Anjaneya"]
[Result "1/2-1/2"]
[TimeControl "G/90;d5"]
[WhiteElo "2209"]
[BlackElo "1945"]

1. d4 {[%clk 01:30:00]} {[%emt 00:00:13]} d5 {[%clk 01:29:52]} {[%emt
00:00:11]} 2. c4 {[%clk 01:30:00]} {[%emt 00:00:03]} e6 {[%clk 01:29:52]}
{[%emt 00:00:07]} 3. Nc3 {[%clk 01:30:00]} {[%emt 00:00:17]} Nf6 {[%clk
01:29:50]} 4. cxd5 {[%clk 01:30:00]} exd5 {[%clk 01:29:47]} {[%emt 00:00:04]} 5.
Bg5 {[%clk 01:30:00]} {[%emt 00:00:07]} c6 {[%clk 01:29:41]} {[%emt 00:00:19]}
6. e3 {[%clk 01:30:00]} Be7 {[%clk 01:29:39]} 7. Bd3 {[%clk 01:29:59]} {[%emt
00:00:17]} Nbd7 {[%clk 01:29:36]} 8. Nge2 {[%clk 01:29:47]} {[%emt 00:00:12]}
O-O {[%clk 01:29:27]} {[%emt 00:00:12]} 9. f3 {[%clk 01:27:24]} {[%emt
00:02:34]} Re8 {[%clk 01:27:55]} {[%emt 00:01:31]} 10. Qc2 {[%clk 01:25:57]}
{[%emt 00:01:56]} Nf8 {[%clk 01:27:01]} {[%emt 00:00:35]} 11. O-O {[%clk
01:22:36]} {[%emt 00:03:34]} g6 {[%clk 01:26:24]} {[%emt 00:00:34]} 12. Kh1
{[%clk 01:18:27]} {[%emt 00:04:14]} Ne6 {[%clk 01:23:42]} {[%emt 00:02:47]} 13.
Bh4 {[%clk 01:17:33]} {[%emt 00:00:59]} b6 {[%clk 01:19:15]} {[%emt 00:04:36]}
14. Rad1 {[%clk 01:08:24]} {[%emt 00:09:11]} Bb7 {[%clk 01:11:52]} {[%emt
00:07:32]} 15. e4 {[%clk 01:00:54]} {[%emt 00:07:31]} dxe4 {[%clk 01:09:07]}
{[%emt 00:03:15]} 16. fxe4 {[%clk 01:00:31]} {[%emt 00:00:04]} Ng4 {[%clk
01:08:14]} {[%emt 00:01:07]} 17. Bxe7 {[%clk 00:59:42]} {[%emt 00:00:42]} Qxe7
{[%clk 01:07:58]} {[%emt 00:00:23]} 18. Qd2 {[%clk 00:38:52]} {[%emt 00:20:53]}
Qh4 {[%clk 01:07:24]} {[%emt 00:00:38]} 19. h3 {[%clk 00:38:23]} {[%emt
00:00:35]} Nf2+ {[%clk 01:07:19]} {[%emt 00:00:21]} 20. Rxf2 {[%clk 00:38:03]}
{[%emt 00:00:17]} Qxf2 {[%clk 01:07:10]} {[%emt 00:00:10]} 21. e5 {[%clk
00:36:45]} {[%emt 00:01:27]} f5 {[%clk 00:53:14]} {[%emt 00:14:01]} 22. Bc4
{[%clk 00:31:03]} {[%emt 00:05:45]} Kg7 {[%clk 00:46:45]} {[%emt 00:06:34]} 23.
Bxe6 {[%clk 00:27:52]} {[%emt 00:03:16]} Rxe6 {[%clk 00:46:42]} {[%emt
00:00:37]} 24. Nf4 {[%clk 00:26:40]} {[%emt 00:00:48]} Qxd2 {[%clk 00:46:33]}
{[%emt 00:00:25]} 25. Nxe6+ {[%clk 00:26:35]} {[%emt 00:00:23]} Kf7 {[%clk
00:46:29]} 26. Rxd2 {[%clk 00:26:21]} {[%emt 00:00:05]} Kxe6 {[%clk 00:46:26]}
{[%emt 00:00:16]} 27. Kg1 {[%clk 00:24:29]} {[%emt 00:01:48]} Rd8 {[%clk
00:30:50]} {[%emt 00:15:40]} 28. Kf2 {[%clk 00:21:02]} {[%emt 00:03:31]} Ba6
{[%clk 00:26:28]} {[%emt 00:04:28]} 29. b4 {[%clk 00:14:17]} {[%emt 00:06:51]}
Bc4 {[%clk 00:19:18]} {[%emt 00:07:15]} 30. Ke3 {[%clk 00:11:28]} {[%emt
00:02:52]} c5 {[%clk 00:16:16]} {[%emt 00:03:08]} 31. bxc5 {[%clk 00:08:40]}
{[%emt 00:02:53]} bxc5 {[%clk 00:16:11]} {[%emt 00:00:41]} 32. g3 {[%clk
00:07:48]} {[%emt 00:00:32]} g5 {[%clk 00:16:01]} {[%emt 00:00:38]} 33. a3
{[%clk 00:06:15]} {[%emt 00:01:09]} Bf1 {[%clk 00:05:28]} {[%emt 00:10:35]} 34.
h4 {[%clk 00:05:45]} {[%emt 00:00:36]} cxd4+ {[%clk 00:05:04]} {[%emt
00:00:30]} 35. Rxd4 {[%clk 00:05:45]} {[%emt 00:00:15]} 1/2-1/2

[Event "National Elementary Championship"]
[Site "Columbus, Ohio, United States"]
[Date "2022.05.14"]
[Round "3.2"]
[White "Venkatesh, Naray"]
[Black "Liu, Eric"]
[Result "0-1"]
[TimeControl "G/90;d5"]
[WhiteElo "1933"]
[BlackElo "2166"]

1. d4 {[%clk 01:30:00]} {[%emt 00:00:14]} d5 {[%clk 01:30:00]} 2. c4 {[%clk
01:30:00]} e6 {[%clk 01:30:00]} 3. Nc3 {[%clk 01:30:00]} {[%emt 00:00:14]} Be7
{[%clk 01:30:00]} 4. Nf3 {[%clk 01:29:16]} {[%emt 00:00:44]} Nf6 {[%clk
01:30:00]} {[%emt 00:00:13]} 5. Bg5 {[%clk 01:28:55]} {[%emt 00:00:17]} h6
{[%clk 01:30:00]} {[%emt 00:00:32]} 6. Bh4 {[%clk 01:28:55]} {[%emt 00:00:03]}
O-O {[%clk 01:30:00]} 7. cxd5 {[%clk 01:27:37]} {[%emt 00:01:21]} exd5 {[%clk
01:22:07]} {[%emt 00:07:41]} 8. e3 {[%clk 01:27:25]} {[%emt 00:00:22]} c6
{[%clk 01:20:26]} {[%emt 00:02:02]} 9. Bd3 {[%clk 01:25:35]} {[%emt 00:01:36]}
Nbd7 {[%clk 01:13:33]} {[%emt 00:06:55]} 10. Qc2 {[%clk 01:24:58]} {[%emt
00:00:41]} Re8 {[%clk 01:11:44]} {[%emt 00:01:56]} 11. O-O {[%clk 01:00:07]}
{[%emt 00:25:04]} Ne4 {[%clk 01:07:54]} {[%emt 00:03:47]} 12. Bxe4 {[%clk
00:51:20]} {[%emt 00:08:54]} Bxh4 {[%clk 01:03:24]} {[%emt 00:04:51]} 13. Bd3
{[%clk 00:51:17]} Be7 {[%clk 00:59:04]} {[%emt 00:04:45]} 14. Rab1 {[%clk
00:48:41]} {[%emt 00:02:14]} a5 {[%clk 00:56:29]} {[%emt 00:02:36]} 15. a3
{[%clk 00:45:48]} {[%emt 00:02:59]} Bd6 {[%clk 00:50:37]} {[%emt 00:05:56]} 16.
b4 {[%clk 00:43:39]} {[%emt 00:02:13]} Qe7 {[%clk 00:46:24]} {[%emt 00:04:22]}
17. e4 {[%clk 00:36:39]} {[%emt 00:07:00]} axb4 {[%clk 00:44:50]} {[%emt
00:01:42]} 18. axb4 {[%clk 00:36:13]} {[%emt 00:00:43]} dxe4 {[%emt 00:10:18]}
19. Bxe4 {[%clk 00:34:36]} {[%emt 00:00:24]} Nf6 {[%clk 00:31:03]} {[%emt
00:04:42]} 20. Rfe1 {[%clk 00:32:09]} {[%emt 00:02:35]} Nxe4 {[%clk 00:20:11]}
{[%emt 00:10:53]} 21. Rxe4 {[%clk 00:27:43]} {[%emt 00:04:38]} Bf5 {[%clk
00:19:32]} {[%emt 00:00:47]} 22. Rxe7 {[%clk 00:27:42]} {[%emt 00:00:09]} Bxc2
{[%clk 00:19:32]} 23. Rxe8+ {[%clk 00:27:42]} {[%emt 00:00:06]} Rxe8 {[%clk
00:19:28]} {[%emt 00:00:12]} 24. Rb2 {[%clk 00:26:50]} {[%emt 00:00:46]} Bd3
{[%clk 00:14:19]} {[%emt 00:05:16]} 25. g3 {[%clk 00:19:04]} {[%emt 00:07:47]}
Ra8 {[%clk 00:12:09]} {[%emt 00:02:15]} 26. Kg2 {[%clk 00:18:03]} {[%emt
00:01:08]} Ra3 {[%clk 00:11:24]} {[%emt 00:00:48]} 27. Nb1 {[%clk 00:15:02]}
{[%emt 00:03:06]} Ra4 {[%clk 00:11:06]} {[%emt 00:00:23]} 28. Nc3 {[%clk
00:12:22]} {[%emt 00:02:57]} Rxb4 {[%clk 00:10:50]} {[%emt 00:00:32]} 29. Rd2
{[%clk 00:12:12]} Bf5 {[%clk 00:09:51]} {[%emt 00:00:56]} 30. d5 {[%clk
00:10:47]} {[%emt 00:01:36]} c5 {[%clk 00:09:08]} {[%emt 00:00:42]} 31. Nh4
{[%clk 00:09:30]} {[%emt 00:01:20]} Bh7 {[%clk 00:07:43]} {[%emt 00:01:34]} 32.
Re2 {[%clk 00:08:04]} {[%emt 00:01:28]} g5 {[%clk 00:07:09]} {[%emt 00:00:43]}
33. Nf3 {[%clk 00:07:53]} {[%emt 00:00:12]} Kg7 {[%clk 00:05:49]} {[%emt
00:01:26]} 34. Re8 {[%clk 00:05:28]} {[%emt 00:02:36]} Rb3 {[%clk 00:05:01]}
{[%emt 00:00:46]} 35. Nd1 {[%clk 00:04:40]} {[%emt 00:00:43]} Rd3 {[%clk
00:02:31]} {[%emt 00:02:47]} 36. Ne3 {[%clk 00:04:40]} {[%emt 00:00:06]} b5
{[%clk 00:02:27]} {[%emt 00:00:36]} 37. h4 {[%clk 00:03:29]} {[%emt 00:01:02]}
g4 {[%clk 00:02:12]} {[%emt 00:00:11]} 38. Ne1 {[%clk 00:01:41]} {[%emt
00:01:48]} Rd4 {[%clk 00:02:12]} {[%emt 00:00:04]} 39. Kf1 {[%clk 00:01:37]}
{[%emt 00:00:07]} c4 {[%clk 00:02:00]} {[%emt 00:00:15]} 40. Rd8 {[%clk
00:01:36]} {[%emt 00:00:34]} Be7 {[%clk 00:01:36]} {[%emt 00:00:04]} 41. Rd7
{[%clk 00:01:36]} {[%emt 00:00:12]} Kf8 {[%clk 00:01:36]} {[%emt 00:00:04]} 42.
Rb7 {[%clk 00:01:22]} {[%emt 00:00:05]} b4 {[%clk 00:01:36]} {[%emt 00:00:30]}
43. N1c2 {[%clk 00:01:17]} {[%emt 00:00:03]} Bxc2 {[%clk 00:01:19]} {[%emt
00:00:03]} 44. Nxc2 {[%clk 00:01:17]} Rxd5 {[%clk 00:01:04]} {[%emt 00:00:20]}
45. Nxb4 {[%clk 00:01:17]} {[%emt 00:00:03]} Rd1+ {[%clk 00:01:04]} {[%emt
00:00:05]} 46. Ke2 {[%clk 00:01:17]} Rb1 {[%clk 00:01:04]} {[%emt 00:00:04]} 47.
Rb8+ {[%clk 00:01:17]} Kg7 {[%clk 00:01:04]} {[%emt 00:00:03]} 48. Nc6 {[%clk
00:01:14]} {[%emt 00:00:06]} Rxb8 {[%clk 00:01:04]} {[%emt 00:00:04]} 49. Nxb8
{[%emt 00:00:07]} Bc5 {[%clk 00:01:03]} {[%emt 00:00:04]} 50. Nd7 {[%clk
00:01:13]} {[%emt 00:00:04]} Bd4 {[%clk 00:01:03]} {[%emt 00:00:03]} 51. f3
{[%clk 00:01:11]} {[%emt 00:00:06]} f5 {[%clk 00:00:53]} {[%emt 00:00:10]} 52.
fxg4 {[%clk 00:01:11]} fxg4 {[%clk 00:00:53]} {[%emt 00:00:33]} 53. Kf1 {[%clk
00:00:44]} {[%emt 00:00:05]} Kf7 {[%clk 00:00:51]} {[%emt 00:00:07]} 54. Nb8
{[%clk 00:00:38]} {[%emt 00:00:11]} Be5 {[%clk 00:00:51]} {[%emt 00:00:03]} 55.
Nc6 {[%clk 00:00:38]} Bxg3 {[%clk 00:00:51]} {[%emt 00:00:04]} 56. Kg2 {[%clk
00:00:36]} {[%emt 00:00:07]} Bf4 {[%clk 00:00:50]} {[%emt 00:00:04]} 57. Nd4
{[%clk 00:00:22]} {[%emt 00:00:20]} c3 {[%clk 00:00:50]} {[%emt 00:00:04]} 58.
Nc2 {[%clk 00:00:22]} h5 {[%clk 00:00:50]} {[%emt 00:00:04]} 59. Kf2 {[%clk
00:00:22]} Kf6 {[%clk 00:00:50]} {[%emt 00:00:03]} 60. Kg2 {[%clk 00:00:22]}
Ke5 {[%clk 00:00:50]} {[%emt 00:00:03]} 61. Kf2 {[%clk 00:00:22]} Ke4 {[%clk
00:00:50]} {[%emt 00:00:04]} 62. Ne1 {[%clk 00:00:21]} {[%emt 00:00:04]} g3+
{[%clk 00:00:43]} {[%emt 00:00:09]} 63. Kg2 {[%clk 00:00:19]} {[%emt 00:00:38]}
Ke3 {[%clk 00:00:43]} 0-1

[Event "National Elementary Championship"]
[Site "Columbus, Ohio, United States"]
[Date "2022.05.14"]
[Round "3.3"]
[White "Harish, Neeraj"]
[Black "Bondalapati, Sri"]
[Result "0-1"]
[TimeControl "G/90;d5"]
[WhiteElo "2137"]
[BlackElo "1919"]

1. e4 {[%clk 01:29:58]} {[%emt 00:00:06]} e5 {[%clk 01:29:41]} {[%emt
00:00:24]} 2. Nf3 {[%clk 01:29:58]} {[%emt 00:00:05]} Nc6 {[%clk 01:29:15]}
{[%emt 00:00:32]} 3. Bc4 {[%clk 01:29:55]} {[%emt 00:00:07]} Bc5 {[%clk
01:29:10]} {[%emt 00:00:10]} 4. d3 {[%clk 01:29:50]} {[%emt 00:00:10]} d6
{[%clk 01:29:09]} {[%emt 00:00:06]} 5. O-O {[%clk 01:29:31]} {[%emt 00:00:23]}
Nf6 {[%clk 01:28:57]} {[%emt 00:00:17]} 6. c3 {[%clk 01:29:23]} {[%emt
00:00:14]} O-O {[%clk 01:28:07]} {[%emt 00:00:55]} 7. a4 {[%clk 01:29:04]}
{[%emt 00:00:23]} a5 {[%clk 01:27:40]} {[%emt 00:00:33]} 8. h3 {[%clk
01:28:57]} {[%emt 00:00:12]} h6 {[%clk 01:27:34]} {[%emt 00:00:11]} 9. Re1
{[%clk 01:28:32]} {[%emt 00:00:31]} Be6 {[%clk 01:23:00]} {[%emt 00:04:38]} 10.
Bxe6 {[%clk 01:27:35]} {[%emt 00:01:02]} fxe6 {[%clk 01:22:56]} {[%emt
00:00:09]} 11. Qb3 {[%clk 01:27:01]} {[%emt 00:00:39]} Qd7 {[%clk 01:22:42]}
{[%emt 00:00:20]} 12. Nbd2 {[%clk 01:26:42]} {[%emt 00:00:24]} Nh5 {[%clk
01:21:47]} {[%emt 00:01:00]} 13. Qd1 {[%clk 01:25:03]} {[%emt 00:01:43]} Nf4
{[%clk 01:21:34]} {[%emt 00:00:17]} 14. Nf1 {[%clk 01:24:38]} {[%emt 00:00:31]}
Qe8 {[%clk 01:20:58]} {[%emt 00:00:41]} 15. Bxf4 {[%clk 01:19:07]} {[%emt
00:05:36]} Rxf4 {[%clk 01:19:11]} {[%emt 00:01:52]} 16. g3 {[%clk 01:17:46]}
{[%emt 00:01:26]} Rf6 {[%clk 01:17:59]} {[%emt 00:01:17]} 17. N1h2 {[%clk
01:16:53]} {[%emt 00:00:57]} Qf7 {[%clk 01:17:43]} {[%emt 00:00:22]} 18. Kg2
{[%clk 01:15:51]} {[%emt 00:01:08]} Rf8 {[%clk 01:17:34]} {[%emt 00:00:13]} 19.
Qe2 {[%clk 01:07:02]} {[%emt 00:08:54]} Ne7 {[%clk 01:13:30]} {[%emt 00:04:09]}
20. Rf1 {[%clk 01:03:46]} {[%emt 00:03:21]} Ng6 {[%clk 01:11:42]} {[%emt
00:01:52]} 21. d4 {[%clk 01:02:06]} {[%emt 00:01:45]} Bb6 {[%clk 01:11:34]}
{[%emt 00:00:14]} 22. Rad1 {[%clk 00:52:23]} {[%emt 00:09:48]} exd4 {[%clk
01:10:59]} {[%emt 00:00:40]} 23. cxd4 {[%clk 00:41:16]} {[%emt 00:11:12]} e5
{[%clk 01:10:41]} {[%emt 00:00:23]} 24. Rd3 {[%clk 00:39:01]} {[%emt 00:02:20]}
exd4 {[%clk 01:10:25]} {[%emt 00:00:21]} 25. Ng4 {[%clk 00:35:06]} {[%emt
00:04:00]} Re6 {[%clk 01:08:51]} {[%emt 00:01:38]} 26. Nxd4 {[%clk 00:34:26]}
{[%emt 00:00:45]} Ree8 {[%clk 01:08:44]} {[%emt 00:00:12]} 27. f3 {[%clk
00:33:05]} {[%emt 00:01:27]} h5 {[%clk 01:08:27]} {[%emt 00:00:22]} 28. Ne3
{[%clk 00:32:21]} {[%emt 00:00:49]} h4 {[%clk 01:08:19]} {[%emt 00:00:13]} 29.
Ndf5 {[%clk 00:30:44]} {[%emt 00:01:42]} hxg3 {[%clk 01:07:21]} {[%emt
00:01:03]} 30. Kxg3 {[%clk 00:30:28]} {[%emt 00:00:22]} Qf6 {[%clk 01:07:01]}
{[%emt 00:00:25]} 31. Qd2 {[%clk 00:27:27]} {[%emt 00:03:06]} Nf4 {[%clk
01:06:12]} {[%emt 00:00:54]} 32. Ng4 {[%clk 00:26:43]} {[%emt 00:00:49]} Nh5+
{[%clk 01:06:07]} {[%emt 00:00:11]} 33. Kh2 {[%clk 00:26:27]} {[%emt 00:00:20]}
Qe6 {[%clk 01:04:50]} {[%emt 00:01:22]} 34. Qg5 {[%clk 00:26:12]} {[%emt
00:00:20]} Rxf5 {[%clk 01:04:44]} {[%emt 00:00:11]} 35. Nh6+ {[%clk 00:23:36]}
{[%emt 00:02:40]} Qxh6 {[%clk 01:04:36]} {[%emt 00:00:12]} 36. Qxf5 {[%clk
00:23:29]} {[%emt 00:00:13]} Nf4 {[%clk 01:04:16]} {[%emt 00:00:25]} 37. Rb3
{[%clk 00:20:45]} {[%emt 00:02:50]} Bd4 {[%clk 01:02:47]} {[%emt 00:01:34]} 38.
Rxb7 {[%clk 00:15:42]} {[%emt 00:05:09]} Be5 {[%clk 01:02:43]} {[%emt
00:00:08]} 0-1

[Event "National Elementary Championship"]
[Site "Columbus, Ohio, United States"]
[Date "2022.05.14"]
[Round "3.4"]
[White "Vemparala, Nikash"]
[Black "Tessiore, Luca"]
[Result "1-0"]
[TimeControl "G/90;d5"]
[WhiteElo "2063"]
[BlackElo "1850"]

1. e4 {[%clk 01:29:54]} {[%emt 00:00:09]} e5 {[%clk 01:30:00]} {[%emt
00:00:04]} 2. Nf3 {[%clk 01:29:45]} {[%emt 00:00:14]} Nc6 {[%clk 01:30:00]}
{[%emt 00:00:05]} 3. Bc4 {[%clk 01:29:41]} {[%emt 00:00:09]} Bc5 {[%clk
01:30:00]} {[%emt 00:00:05]} 4. c3 {[%clk 01:29:41]} {[%emt 00:00:04]} Nf6
{[%clk 01:30:00]} {[%emt 00:00:04]} 5. d3 {[%clk 01:29:39]} {[%emt 00:00:07]}
d6 {[%clk 01:30:00]} {[%emt 00:00:03]} 6. O-O {[%clk 01:29:34]} {[%emt
00:00:09]} O-O {[%clk 01:30:00]} {[%emt 00:00:04]} 7. Bb3 {[%clk 01:29:24]}
{[%emt 00:00:15]} a6 {[%clk 01:29:58]} {[%emt 00:00:08]} 8. Nbd2 {[%clk
01:29:02]} {[%emt 00:00:26]} Ba7 {[%clk 01:29:15]} {[%emt 00:00:49]} 9. Re1
{[%clk 01:28:13]} {[%emt 00:00:54]} Be6 {[%clk 01:28:46]} {[%emt 00:00:34]} 10.
Bc2 {[%clk 01:28:03]} {[%emt 00:00:16]} Ng4 {[%clk 01:26:03]} {[%emt 00:02:47]}
11. Re2 {[%clk 01:27:20]} {[%emt 00:00:49]} Bxf2+ {[%clk 01:24:23]} {[%emt
00:01:45]} 12. Rxf2 {[%clk 01:23:53]} {[%emt 00:03:32]} Ne3 {[%clk 01:24:23]}
{[%emt 00:00:02]} 13. Qe2 {[%clk 01:23:41]} {[%emt 00:00:18]} Nxc2 {[%clk
01:24:23]} {[%emt 00:00:03]} 14. Rb1 {[%clk 01:23:05]} {[%emt 00:00:41]} Bxa2
{[%clk 01:24:23]} {[%emt 00:00:03]} 15. b3 {[%clk 01:22:58]} {[%emt 00:00:12]}
Bxb1 {[%clk 01:24:10]} {[%emt 00:00:17]} 16. Nxb1 {[%clk 01:22:58]} {[%emt
00:00:06]} Na1 {[%clk 01:24:04]} {[%emt 00:00:10]} 17. Qa2 {[%clk 01:22:36]}
{[%emt 00:00:28]} Nxb3 {[%clk 01:15:15]} {[%emt 00:08:54]} 18. Qxb3 {[%clk
01:22:36]} {[%emt 00:00:05]} b5 {[%clk 01:14:59]} {[%emt 00:00:22]} 19. Nbd2
{[%clk 01:19:59]} {[%emt 00:02:41]} Na5 {[%clk 01:10:40]} {[%emt 00:04:23]} 20.
Qd1 {[%clk 01:17:18]} {[%emt 00:02:47]} c5 {[%clk 01:08:56]} {[%emt 00:01:48]}
21. Nf1 {[%clk 01:15:03]} {[%emt 00:02:20]} Nc6 {[%clk 00:46:01]} {[%emt
00:23:01]} 22. Ng3 {[%clk 01:09:41]} {[%emt 00:05:27]} d5 {[%clk 00:41:45]}
{[%emt 00:04:20]} 23. Ng5 {[%clk 01:08:14]} {[%emt 00:01:32]} h6 {[%clk
00:36:03]} {[%emt 00:05:47]} 24. Nh3 {[%clk 01:06:57]} {[%emt 00:01:21]} d4
{[%clk 00:33:55]} {[%emt 00:02:14]} 25. Qg4 {[%clk 01:04:46]} {[%emt 00:02:17]}
Qd6 {[%clk 00:33:41]} {[%emt 00:00:19]} 26. Nf5 {[%clk 01:02:16]} {[%emt
00:02:35]} Qg6 {[%clk 00:33:38]} {[%emt 00:00:08]} 27. Qh4 {[%clk 01:01:28]}
{[%emt 00:00:53]} h5 {[%clk 00:30:53]} {[%emt 00:02:50]} 28. Rf3 {[%clk
00:58:17]} {[%emt 00:03:16]} dxc3 {[%clk 00:24:04]} {[%emt 00:06:54]} 29. Rg3
{[%clk 00:57:59]} {[%emt 00:00:22]} Rae8 {[%clk 00:23:05]} {[%emt 00:01:04]} 30.
Nxg7 {[%clk 00:54:12]} {[%emt 00:03:52]} Kxg7 {[%clk 00:22:25]} {[%emt
00:00:45]} 31. Qxh5 {[%clk 00:50:40]} {[%emt 00:03:37]} Rh8 {[%clk 00:20:12]}
{[%emt 00:02:18]} 32. Rxg6+ {[%clk 00:50:17]} {[%emt 00:00:28]} fxg6 {[%clk
00:20:11]} {[%emt 00:00:06]} 33. Qg4 {[%clk 00:50:11]} {[%emt 00:00:10]} Re7
{[%clk 00:17:41]} {[%emt 00:02:36]} 34. Nf2 {[%clk 00:34:59]} {[%emt 00:15:17]}
c2 {[%clk 00:15:18]} {[%emt 00:02:28]} 35. Qg5 {[%clk 00:32:24]} {[%emt
00:02:40]} Re6 {[%clk 00:14:50]} {[%emt 00:00:33]} 36. Qd2 {[%clk 00:28:31]}
{[%emt 00:03:58]} Nd4 {[%clk 00:14:08]} {[%emt 00:00:48]} 37. Bb2 {[%clk
00:26:08]} {[%emt 00:02:28]} Rf8 {[%clk 00:09:55]} {[%emt 00:04:17]} 38. Ng4
{[%clk 00:24:34]} {[%emt 00:01:39]} Rf4 {[%clk 00:09:52]} {[%emt 00:00:08]} 39.
h3 {[%clk 00:19:55]} {[%emt 00:04:44]} Rxg4 {[%clk 00:08:08]} {[%emt 00:01:49]}
40. hxg4 {[%clk 00:19:41]} {[%emt 00:00:19]} Rc6 {[%clk 00:07:45]} {[%emt
00:00:27]} 41. Qg5 {[%clk 00:16:47]} {[%emt 00:03:00]} Re6 {[%clk 00:06:57]}
{[%emt 00:00:53]} 42. Qd8 {[%clk 00:15:08]} {[%emt 00:01:44]} b4 {[%clk
00:05:04]} {[%emt 00:01:59]} 43. Qc7+ {[%clk 00:14:50]} {[%emt 00:00:22]} Kg8
{[%clk 00:03:41]} {[%emt 00:01:28]} 44. Qc8+ {[%clk 00:11:20]} {[%emt
00:03:35]} Kg7 {[%clk 00:03:38]} {[%emt 00:00:08]} 45. Qxc5 {[%clk 00:10:20]}
{[%emt 00:01:06]} b3 {[%clk 00:03:24]} {[%emt 00:00:19]} 46. Ba3 {[%clk
00:08:52]} {[%emt 00:01:33]} Re8 {[%clk 00:03:09]} {[%emt 00:00:19]} 47. Qa7+
{[%clk 00:07:46]} {[%emt 00:01:11]} Kg8 {[%clk 00:03:01]} {[%emt 00:00:13]} 48.
Qxa6 {[%clk 00:07:20]} {[%emt 00:00:31]} Re6 {[%clk 00:02:56]} {[%emt
00:00:10]} 49. Qc8+ {[%clk 00:07:20]} {[%emt 00:00:02]} Kh7 {[%clk 00:02:45]}
{[%emt 00:00:16]} 50. Qd7+ {[%clk 00:06:06]} {[%emt 00:01:20]} Kh8 {[%clk
00:02:45]} {[%emt 00:00:05]} 51. Qd8+ {[%clk 00:06:01]} {[%emt 00:00:09]} Kh7
{[%clk 00:02:45]} {[%emt 00:00:04]} 52. Qh4+ {[%clk 00:04:59]} {[%emt
00:01:07]} Kg8 {[%clk 00:02:44]} {[%emt 00:00:05]} 53. Qh6 {[%clk 00:04:32]}
{[%emt 00:00:31]} Rf6 {[%clk 00:02:12]} {[%emt 00:00:37]} 54. g5 {[%clk
00:03:59]} {[%emt 00:00:39]} Re6 {[%clk 00:02:12]} {[%emt 00:00:02]} 55. Qf8+
{[%clk 00:03:57]} {[%emt 00:00:07]} Kh7 {[%clk 00:02:12]} {[%emt 00:00:01]} 56.
Qf7+ {[%clk 00:03:37]} {[%emt 00:00:26]} Kh8 {[%clk 00:02:12]} {[%emt
00:00:02]} 57. Kh2 {[%clk 00:03:28]} {[%emt 00:00:15]} Ra6 {[%clk 00:02:07]}
{[%emt 00:00:10]} 58. Qe8+ {[%clk 00:03:03]} {[%emt 00:00:29]} Kh7 {[%clk
00:02:06]} {[%emt 00:00:06]} 59. Qd7+ {[%clk 00:03:03]} {[%emt 00:00:02]} Kh8
{[%clk 00:01:57]} {[%emt 00:00:12]} 60. Qc8+ {[%clk 00:03:03]} {[%emt
00:00:03]} Kg7 {[%clk 00:01:56]} {[%emt 00:00:05]} 61. Qxa6 {[%clk 00:03:03]}
1-0